000 00215 a2200097 4500
020 _a8435504360
041 _aspa
100 _aJohn buningham
245 _aTrubloff el Raton que queria tocar la balalaica
942 _cK
999 _c27161
_d27161